Normal view
MARC view
- راشد، احمد فؤاد/م مشارك عبد المنعم حمودة
Entry Personal Name
001 - CONTROL NUMBER
- control field: 16307
003 - CONTROL NUMBER IDENTIFIER
- control field: JO-AjAnu
005 - DATE AND TIME OF LATEST TRANSACTION
- control field: 20230606072912.0
008 - FIXED-LENGTH DATA ELEMENTS
- fixed length control field: 230606|| aca||aabn | a|a d
040 ## - CATALOGING SOURCE
- Original cataloging agency: JO-AjAnu
- Transcribing agency: JO-AjAnu
100 ## - HEADING--PERSONAL NAME
- Personal name: راشد، احمد فؤاد/م مشارك عبد المنعم حمودة
670 ## - SOURCE DATA FOUND
- Source citation: Work cat.: (JO-AjAnu)8370: راشد، احمد فؤاد/م مشارك عبد المنعم حمودة, author, اساسيات التقييس وجودة الانتاج